000 00931nam a2200277 a 4500
001 BRCA_6146
005 20190320205341.0
008 161112s1975----nyua######---#000-0#eng-u
020 _a0306707497
041 _aeng
044 _au
050 4 _aTR681.F3
_b.V53 1975
245 1 0 _aA Victorian Album
_bJulia Margaret Cameron and her circle
_cintroductory essay by Lord David Cecil ; edited by Graham Ovenden.
260 _aNueva York
_bDa Capo Press
_c1975
300 _avii, 252 p.
_bil. (algunas a color)
_c34 cm.
500 _aIncluye índice de niñeras
500 _aColección Sonia Corcuera de Mancera
600 1 4 _aCameron, Julia Margaret Pattle
_d1815-1879
_vBiografías
_xAmigos y asociados
_915494
650 1 4 _aRetrato
_915495
650 1 4 _aFotografía
_98320
651 4 _aGran Bretaña
_915496
700 1 _aCecil, Lord David
_915497
700 1 _aOvenden, Graham
_eed.
_915498
902 _aDSC
942 _2lcc
_cB
999 _c5833
_d5833